Statistics for United States Capitals Quiz Map

Click here to take the quiz!

General Stats

  • This quiz has been taken 4,999 times
    (4,992 since last reset)
  • The average score is 31 of 50

Answers on the Map

Answers color-coded by a green-red scale on the quiz's map according to % correct below.
 

Answer Stats

Answer% Correct
Austin
86%
Honolulu
86%
Sacramento
84%
Atlanta
79%
Phoenix
79%
Juneau
77%
Baton Rouge
76%
Nashville
76%
Tallahassee
76%
Olympia
74%
Santa Fe
74%
Albany
73%
Salem
70%
Boston
69%
Oklahoma City
67%
Indianapolis
66%
Boise
64%
Denver
64%
Montgomery
64%
Salt Lake City
64%
Raleigh
62%
Columbus
61%
Jackson
61%
Richmond
61%
Augusta
58%
Carson City
58%
Little Rock
58%
Providence
58%
Annapolis
57%
Harrisburg
56%
Lansing
56%
Springfield
56%
Frankfort
54%
Helena
54%
Trenton
54%
Cheyenne
53%
Des Moines
53%
Madison
53%
St Paul
53%
Bismark
52%
Charleston
52%
Dover
52%
Hartford
50%
Montpelier
50%
Lincoln
48%
Pierre
48%
Topeka
48%
Columbia
47%
Concord
46%
Jefferson City
45%

Score Distribution

Percentile by Number Answered

Percent of People with Each Score

Your Score History

You have not taken this quiz since the last reset